000 00419pab a2200169 454500
008 180718b2005 xxu||||| |||| 00| 0 eng d
100 _aThapar, Romila
245 _aNational curriculum framework aand the social sciences
260 _c2005
300 _ap.55-58.
362 _aSep-Oct
650 _aSocial sciences
650 _aEducation
650 _aCurriculum
773 _aSocial Scientist
909 _a67610
999 _c67610
_d67610